000 00407nam a2200169Ia 4500
003 GCL
008 140319s9999 xx 000 0 eng d
040 _aGCL /
_cGCL
082 0 4 _a745.5
_bS B
100 1 _aSILER, LYN
245 1 0 _aTHE BASKET BOOK /
_cSILER, LYN
260 _a[S.N] :
_bSTERLING \ LARK BOOK ،
_c1988
300 _a144 P
650 0 4 _aBASKET MAKING
650 0 4 _aARTS
942 _2ddc
_cBK
999 _c21088
_d21088